LEADER 01077nas 2200349-a 450 001 9910273526203321 005 20190212064758.9 035 $a(OCoLC)20571439 035 $a(CKB)963018231039 035 $a(CONSER)---94642290- 035 $a(EXLCZ)99963018231039 100 $a19891030a19899999 --- a 101 0 $aeng 200 00$aBusiness New Hampshire magazine $eBNH 210 $aManchester, NH $cLaurentian Business Pub.$dc1989- 215 $av. $cill. ;$d28 cm 300 $aTitle from cover. 311 $a1046-9575 606 $aBusiness enterprises$zNew Hampshire$vPeriodicals 606 $aBusiness enterprises$2fast$3(OCoLC)fst00842519 606 $aCommerce$2fast$3(OCoLC)fst00869279 607 $aNew Hampshire$xCommerce$vPeriodicals 607 $aNew Hampshire$2fast 608 $aPeriodicals.$2fast 615 0$aBusiness enterprises 615 7$aBusiness enterprises. 615 7$aCommerce. 676 $a650/.05 906 $aJOURNAL 912 $a9910273526203321 996 $aBusiness New Hampshire magazine$92209547 997 $aUNINA LEADER 02567nam 22005055 450 001 996418206403316 005 20230330062922.0 010 $a3-030-64243-7 024 7 $a10.1007/978-3-030-64243-3 035 $a(CKB)4100000011631432 035 $a(DE-He213)978-3-030-64243-3 035 $a(MiAaPQ)EBC6420683 035 $a(PPN)252514440 035 $a(EXLCZ)994100000011631432 100 $a20201126d2020 u| 0 101 0 $aeng 135 $aurnn|008mamaa 181 $ctxt$2rdacontent 182 $cc$2rdamedia 183 $acr$2rdacarrier 200 10$aGreen, Pervasive, and Cloud Computing$b[electronic resource] $e15th International Conference, GPC 2020, Xi'an, China, November 13?15, 2020, Proceedings /$fedited by Zhiwen Yu, Christian Becker, Guoliang Xing 205 $a1st ed. 2020. 210 1$aCham :$cSpringer International Publishing :$cImprint: Springer,$d2020. 215 $a1 online resource (XIV, 520 p. 202 illus., 165 illus. in color.) 225 1 $aTheoretical Computer Science and General Issues,$x2512-2029 ;$v12398 300 $aIncludes index. 311 $a3-030-64242-9 327 $aDevice-free Sensing -- Machine Learning -- Recommendation Systems -- Urban Computing -- Human Computer Interaction -- Internet of Things and Edge Computing -- Positioning -- Applications of Computer Vision -- CrowdSensing -- Cloud and Related Technologies. 330 $aThis book constitutes the refereed proceedings of the 15th International Conference on Green, Pervasive, and Cloud Computing, GPC 2020, held in Xi'an, China, in November 2020. The 30 full papers presented in this book together with 8 short papers were carefully reviewed and selected from 96 submissions. They cover the following topics: Device-free Sensing; Machine Learning; Recommendation Systems; Urban Computing; Human Computer Interaction; Internet of Things and Edge Computing; Positioning; Applications of Computer Vision; CrowdSensing; and Cloud and Related Technologies. 410 0$aTheoretical Computer Science and General Issues,$x2512-2029 ;$v12398 606 $aComputer networks 606 $aComputer Communication Networks 615 0$aComputer networks. 615 14$aComputer Communication Networks. 676 $a004.6782 702 $aBecker$b Christian$f1975- 702 $aXing$b Guoliang 702 $aYu$b Zhiwen 801 0$bMiAaPQ 801 1$bMiAaPQ 801 2$bUtOrBLW 906 $aBOOK 912 $a996418206403316 996 $aGreen, pervasive, and cloud computing$92068893 997 $aUNISA